Tourist Attraction to Country - Statistics

General Stats
  • This quiz has been taken 31 times
  • The average score is 10 of 20
Answer Stats
Hint Answer % Correct
Eiffel Tower France
100%
White House United States
100%
La Sagrada Familia Spain
93%
Machu Picchu Peru
90%
Burj Khalifa United Arab Emirates
90%
Mount Everest Nepal
83%
Petra Jordan
77%
Neuschwanstein Castle Germany
73%
The Grand Palace Thailand
47%
Mostar Old Bridge Bosnia and Herzegovina
43%
Blue Lagoon Iceland
33%
Hassan II Mosque Morocco
33%
Bryggen Norway
33%
Sossusvlei Namibia
17%
Solis Theater Uruguay
13%
Khor Virap Armenia
10%
Baiterek Kazakhstan
10%
The Freedom Monument Latvia
10%
Monday Falls Paraguay
7%
Varirata National Park Papua New Guinea
3%
No matching quizzes found
Score Distribution
Percent of People with Each Score
Percentile by Number Answered
Your Score History
You have not taken this quiz